Sino-Indian border dispute in the eastern sector - A case study of Arunachal Pradesh Dr. Janardhan Sahu (Record no. 1318040)

MARC details
000 -LEADER
fixed length control field 00606nam a2200193Ia 4500
005 - DATE AND TIME OF LATEST TRANSACTION
control field 20250507130149.0
008 - FIXED-LENGTH DATA ELEMENTS--GENERAL INFORMATION
fixed length control field 008 250505s9999 xx 000 0 eng d
037 ## - SOURCE OF ACQUISITION
Stock number DIS
040 ## - CATALOGING SOURCE
Original cataloging agency EASL
Language of cataloging eng
Transcribing agency EASL
041 ## - LANGUAGE CODE
Language code of text/sound track or separate title eng
Source of code eng
084 ## - COLON CLASSIFICATION NUMBER
Classification number 0000152
Assigning agency EASL
100 ## - MAIN ENTRY--PERSONAL NAME
Personal name Shruti
245 #0 - TITLE STATEMENT
Title Sino-Indian border dispute in the eastern sector - A case study of Arunachal Pradesh Dr. Janardhan Sahu
260 ## - PUBLICATION, DISTRIBUTION, ETC.
Place of publication, distribution, etc. India
Name of publisher, distributor, etc. Univesity of Delhi. Social Sciences. East Asian Studies (Delhi India)
Date of publication, distribution, etc. 2011
300 ## - PHYSICAL DESCRIPTION
Extent 145p.
650 ## - SUBJECT ADDED ENTRY--TOPICAL TERM
Topical term or geographic name entry element CEL
942 ## - ADDED ENTRY ELEMENTS (KOHA)
Koha item type Dissertations
Classification part 0000152

No items available.

Copyright @ Delhi University Library System